000 01070naa a22002777a 4500
001 BR8901581
003 BR-BrBNA
005 20240918180440.0
007 ta
008 230509b bl.||||| |||| 00| 0 por d
040 _aBR-BrBNA
_bpor
_cBiblioteca Nacional de Agricultura
041 _a(Pt)
072 _aH10
090 _aH10 BR8901581
100 1 _aAlmeida, A.M.P.
111 1 _a21. Reuniao Tecnica Anual de Milho e Sorgo
_cPorto Alegre, RS (Brazil)
_dJul 1976
245 1 _aTeste de resistencia de linhagens de milho ao Helminthosporium turcicum Passerine, em casa de vegetacao e a campo
260 3 _aPorto Alegre, RS (Brasil):
_c1976.
500 _aResultados de pesquisas de milho e sorgo. 21. Reuniao tecnica Porto Alegre, RS (Brasil): 1976. p. 127-135 (BR8901581-AM)H10
650 _aMILHO
650 _aHELMINTOSPORIOSE
650 _aINFECCAO
773 0 _tResultados de pesquisas de milho e sorgo. 21. Reuniao tecnica
_wH10 BR8901581
_gPorto Alegre, RS (Brasil), 1976. p. 127-135
909 _a202404
_bLucia
_c55
_dLucia Elande
942 _cAM
_2AGRIS
999 _c320427
_d320427